000
00294nam a22001217a 4500
008
180206b xxu||||| |||| 00| 0 eng d
041
_a
eng
080
_a
32
100
_a
16
101
_a
;POL
245
_a
AMERICAN GOVERNMENT POLITICS TODAY THE ESSENTIALS
_c
BARDIES.SH
942
_2
udc
_c
BK
999
_c
41880
_d
41880